00705nam a2200205 a 450000100100000000500170001000800410002702000150006804000250008310000290010824000160013724501050015326000290025830000210028749000150030870000350032383000190035895201050037799900170048200004410320201002045141.0140516s1996 sp 000 0 spa d a8448301293 aDO-SdBNPbspacBNPHU1 aEsposito, John L.97209410aThe Islamic13aEl Desafío Islámico :bmito o realidad? /cJohn L. Esposito ; traducción de Salustiano Masó. aMadrid :bAcento,c1996. a305 p. ;c23 cm.1 aSignomás12aMasó, Salustianoetr.929539 0aAcento,972095 001050718MOaGRbGRcCTd2014-05-28iLF1l0o p44103-10r2020-06-25w2020-06-25y1ZNo se presta c43592d43592